000 00336nam a2200157Ia 4500
005 20250423101745.0
008 250422s9999 xx 000 0 und d
020 _a1-86100695-0
050 _aQA 76.7 .X684/
245 0 _aXquery
260 _aBirmingham
260 _bWrox Press
260 _c2002
300 _a238 p
942 _cBK
999 _c37190
_d37190